| 000 | 00431nam a2200121Ia 4500 | ||
|---|---|---|---|
| 008 | 220620s9999||||xx |||||||||||||| ||und|| | ||
| 100 | _aJohn McKeown | ||
| 245 | 0 | _aGod's Babies : Natalism and Bible Interpretation in Modern America | |
| 546 | _aEnglish[eng] | ||
| 650 | _aecology||environment||United States||Bible||Protestantism||biblical interpretation||natalism | ||
| 856 | _uhttp://books.openedition.org/obp/2331 | ||
| 942 | _cEB | ||
| 999 |
_c21857 _d21857 |
||